Contemporary Caribbean: A sociological Reader /

Đã lưu trong:
Chi tiết về thư mục
Tác giả chính: Craig, Susan
Tác giả khác: ed.
Định dạng: Texto
Được phát hành: Madrid: The College Press
Các nhãn: Thêm thẻ
Không có thẻ, Là người đầu tiên thẻ bản ghi này!

MARC

LEADER 00000 a a2200000 04500
001 25281
003
040
090 |a 180900  
100 |a Craig, Susan  
245 |a Contemporary Caribbean: A sociological Reader /  |c Susan Craig 
260 |a Madrid:   |b The College Press  
300 |a 404 p.; vol. 1  
700 |a ed.  
999 |c 8782  |d 8782